Meilleurs sons du rap US - Statistiques

Statistiques générales
  • Ce quiz a été pris 1 568 fois
  • Le résultat moyen est 11 sur 25
Statistiques - réponses
Rang Artistes Titres Streams % Correct
3 Post Malone rockstar (ft. 21 Savage) 2,865Mds
74%
22 Dababy ROCKSTAR (ft. Roddy Ricch) 1,603Mds
74%
5 Drake God's Plan 2,417Mds
73%
8 XXXTENTACION SAD! 2,152Mds
68%
6 Travis Scott goosebumps (ft. Kendrick Lamar) 2,210Mds
65%
14 Travis Scott SICKO MODE (ft. Drake) 2,033Mds
62%
4 Juice WRLD Lucid Dreams 2,440Mds
61%
10 Kendrick Lamar HUMBLE. 2,085Mds
58%
19 Roddy Ricch The Box 1,800Mds
58%
20 XXXTENTACION Moonlight 1,793Mds
57%
2 Drake One Dance 2,964Mds
48%
1 Post Malone Sunflower - Spiderman : Into the Spider-Verse(ft. Swae Lee) 3,132Mds
46%
25 Future Mask Off 1,509Mds
42%
12 Eminem Lose Yourself 2,043Mds
38%
13 Lil Uzi Vert XO Tour Llif3 2,042Mds
37%
7 Macklemore & Ryan Lewis Can't Hold Us (ft. Ray Dalton) 2,209Mds
34%
16 Post Malone Congratulations (ft. Quavo) 1,902Mds
34%
15 Eminem Without Me 1,947Mds
32%
17 Fench Montana Unforgettable (ft. Swae Lee) 1,883Mds
31%
9 XXXTENTACION Jocelyn Flores 2,102Mds
30%
24 Travis Scott HIGHEST IN THE ROOM 1,512Mds
28%
11 J. Cole No Role Modelz 2,056Mds
27%
21 Eminem The Real Slim Shady 1,641Mds
26%
18 Eminem Till I Collapse (ft. Nate Dogg) 1,847Mds
10%
23 Drake Passionfruit 1,517Mds
9%
Aucun quiz correspondant
Distribution des résultats
% des personnes avec chaque résultat
Percentile par nombre de réponses
Votre historique - résultats
Vous n’avez pas pris ce quiz